[Event "Titled Tue 10th Jun Late"]
[Site "chess.com INT"]
[Date "2025.06.10"]
[Round "8"]
[White "Loya Ibarra, Rigoberto"]
[Black "Hernandez Bonilla, Amelia"]
[Result "1-0"]
[BlackTitle "WFM"]
[WhiteElo "2069"]
[BlackElo "1976"]
[WhiteFideId "5110688"]
[BlackFideId "3900193"]
[EventDate "2025.06.10"]

1. e4 c5 2. Nc3 d6 3. Bc4 Nf6 4. d3 Nc6 5. Bg5 e6 6. f4 Be7 7. Nf3 O-O 8. O-O
Na5 9. Bb3 a6 10. Qe1 Nxb3 11. axb3 h6 12. Bh4 Bd7 13. Rd1 Bc6 14. f5 e5 15.
Bxf6 Bxf6 16. Nd5 Bxd5 17. exd5 b5 18. Nd2 Be7 19. Ne4 f6 20. Qh4 Qd7 21. Rf3
Rfb8 22. Rdf1 Qb7 23. Rg3 Kh8 24. Rg6 Qxd5 25. Rf3 Qf7 26. Rfg3 Bf8 27. Nxf6
gxf6 28. Rxh6+ Bxh6 29. Qxh6+ Qh7 30. Qxf6+ 1-0

[Event "Titled Tue 10th Jun Late"]
[Site "chess.com INT"]
[Date "2025.06.10"]
[Round "8"]
[White "Swara Lakshmi S Nair"]
[Black "Kucza, Karol"]
[Result "0-1"]
[WhiteTitle "WCM"]
[BlackTitle "FM"]
[WhiteElo "2187"]
[BlackElo "2316"]
[WhiteFideId "25629239"]
[BlackFideId "1159755"]
[EventDate "2025.06.10"]

1. e4 e5 2. Nf3 Nc6 3. d4 exd4 4. Nxd4 Nf6 5. Nc3 Bb4 6. Nxc6 bxc6 7. Bd3 O-O 8.
O-O d5 9. exd5 cxd5 10. h3 c6 11. Qf3 Bd6 12. Bf4 Rb8 13. b3 Bb7 14. Rad1 c5 15.
Nb5 d4 16. Qg3 Nh5 17. Bxh7+ Kh8 18. Qg4 Nxf4 19. Bf5 Bxg2 20. Nxd6 Qxd6 21.
Rfe1 Bxh3 22. Qh4+ Qh6 23. Qxh6+ gxh6 24. Bxh3 Nxh3+ 25. Kg2 Nf4+ 26. Kf3 Ne6
27. Rh1 Kh7 28. Rh5 Rg8 29. Rdh1 Rg6 30. Rf5 Kg7 31. Rd5 Rf6+ 32. Kg3 Ng5 33.
Rd7 Ne4+ 34. Kh4 Rf4+ 35. Kh3 Nxf2+ 36. Kg3 Rf6 37. Rh2 Ne4+ 38. Kg4 Re8 39.
Rxa7 Re5 40. a4 Rg5+ 41. Kh3 Nf2+ 42. Kh4 Rg4+ 43. Kh5 Rf5# 0-1

[Event "Titled Tue 10th Jun Late"]
[Site "chess.com INT"]
[Date "2025.06.10"]
[Round "8"]
[White "Kalyani Sirin"]
[Black "Bustelo, Tabare"]
[Result "1-0"]
[WhiteTitle "WFM"]
[BlackTitle "CM"]
[WhiteElo "2138"]
[BlackElo "2043"]
[WhiteFideId "33323500"]
[BlackFideId "3000362"]
[EventDate "2025.06.10"]

1. Nf3 c5 2. g3 Nc6 3. Bg2 g6 4. O-O Bg7 5. c3 Nf6 6. d4 cxd4 7. cxd4 d5 8. Nc3
O-O 9. Bf4 Bf5 10. Rc1 a6 11. Qb3 b5 12. Nxd5 Nxd5 13. Rxc6 Nxf4 14. gxf4 Be4
15. Rcc1 Bxf3 16. Bxf3 Qxd4 17. Bxa8 Rxa8 18. Qf3 Re8 19. b3 h5 20. Rc7 Qf6 21.
Qc6 Qxc6 22. Rxc6 Ra8 23. Rd1 Bh6 24. e3 Kg7 25. Rd7 e6 26. Rxe6 Rc8 27. Ree7
Rc2 28. Rxf7+ Kg8 29. Rfe7 h4 30. Rd8+ Bf8 31. Ree8 h3 32. Rxf8+ Kg7 33. Kf1
Rc1+ 34. Ke2 Rh1 35. Rg8+ Kf7 36. Rh8 Rxh2 37. Rd7+ Ke6 38. Rdh7 Rh1 39. Rxh3
Ra1 40. R3h6 Rxa2+ 41. Kf3 Kf7 42. Ra8 a5 43. Ra7+ Kf6 44. Ra6+ Kf7 45. Rh7+ Kg8
46. Rb7 1-0

[Event "Titled Tue 10th Jun Late"]
[Site "chess.com INT"]
[Date "2025.06.10"]
[Round "8"]
[White "Halynyazov, Vepaly"]
[Black "Wang, Michael"]
[Result "1-0"]
[WhiteElo "2189"]
[BlackElo "1868"]
[WhiteFideId "14004020"]
[BlackFideId "30920531"]
[EventDate "2025.06.10"]

1. d4 d5 2. c4 dxc4 3. e4 b5 4. a4 c6 5. Nc3 Nf6 6. e5 Nd5 7. g3 Bb7 8. Bg2 Nxc3
9. bxc3 Qb6 10. e6 fxe6 11. Qh5+ Kd7 12. Nf3 a5 13. Ne5+ Kc7 14. Bf4 Kc8 15.
Qe8+ Qd8 16. Qxd8+ Kxd8 17. Nf7+ Ke8 18. Nxh8 b4 19. Kd2 Nd7 20. Rhb1 b3 21. Bh3
g5 22. Bxg5 Bg7 23. Bxe6 Bxh8 24. Bxc4 e5 25. Rxb3 Ba6 26. Bxa6 Rxa6 27. Re1 Kf7
28. Rb7 Ke6 29. f4 Nb6 30. Rxh7 Nc4+ 31. Kd3 Nb2+ 32. Kc2 Bf6 33. Rh6 1-0

[Event "Titled Tue 10th Jun Late"]
[Site "chess.com INT"]
[Date "2025.06.10"]
[Round "8"]
[White "Oksendal, Martin"]
[Black "Shi, Roger V"]
[Result "1-0"]
[WhiteTitle "FM"]
[WhiteElo "2235"]
[BlackElo "2137"]
[WhiteFideId "1554107"]
[BlackFideId "30980119"]
[EventDate "2025.06.10"]

1. Nf3 d5 2. g3 Nf6 3. Bg2 c5 4. O-O Nc6 5. d4 e6 6. c4 cxd4 7. Nxd4 Bc5 8. Nxc6
bxc6 9. Qc2 Qe7 10. cxd5 cxd5 11. b4 Bd4 12. Qc6+ Qd7 13. Qxa8 O-O 14. Be3 Bxa1
15. Qxa7 Bb7 16. Nd2 Ra8 17. Qb6 Rxa2 18. Nb3 Ra6 19. Nc5 Rxb6 20. Nxd7 Ra6 21.
Nc5 Be5 22. Nxb7 Nd7 23. Nc5 Nxc5 24. Bxc5 h6 25. e4 dxe4 26. Bxe4 Ra2 27. b5
Rb2 28. b6 f5 29. Bf3 Kf7 30. b7 Bb8 31. Rd1 e5 32. Rd8 Rb1+ 33. Kg2 e4 34. Bh5+ 1-0

[Event "Titled Tue 10th Jun Late"]
[Site "chess.com INT"]
[Date "2025.06.10"]
[Round "8"]
[White "Lin, Bryan Enming"]
[Black "Pavlov, Nikolay"]
[Result "1-0"]
[WhiteTitle "FM"]
[BlackTitle "FM"]
[WhiteElo "2343"]
[BlackElo "2316"]
[WhiteFideId "30987121"]
[BlackFideId "24141470"]
[EventDate "2025.06.10"]

1. e4 c6 2. Nf3 d5 3. exd5 cxd5 4. Ne5 a6 5. d4 Nc6 6. c4 Nxe5 7. dxe5 e6 8.
cxd5 Ne7 9. dxe6 Qa5+ 10. Nc3 Qxe5+ 11. Be2 Bxe6 12. O-O Nc6 13. Bf3 Be7 14. Re1
Qd6 15. Qxd6 Bxd6 16. Bd5 Kd7 17. Bxe6+ fxe6 18. Ne4 e5 19. Rd1 Nd4 20. Be3 Be7
21. Bxd4 exd4 22. Rxd4+ Ke6 23. Re1 Kf7 24. Rd7 Rhd8 25. Nd6+ 1-0

[Event "Titled Tue 10th Jun Late"]
[Site "chess.com INT"]
[Date "2025.06.10"]
[Round "8"]
[White "Noroozi, Omid"]
[Black "Gerbelli Neto, Eduardo"]
[Result "0-1"]
[WhiteTitle "IM"]
[WhiteElo "2266"]
[BlackElo "2114"]
[WhiteFideId "12501190"]
[BlackFideId "2103281"]
[EventDate "2025.06.10"]

1. e4 e5 2. Nf3 Nc6 3. Bc4 Nf6 4. d3 Bc5 5. c3 d6 6. Nbd2 a5 7. h3 O-O 8. Qe2 h6
9. Bb3 a4 10. Bc2 b5 11. Nf1 b4 12. Ng3 a3 13. bxa3 bxc3 14. Nh4 Nd4 15. Qd1
Nxe4 16. Nxe4 Qxh4 17. O-O f5 18. Nxc3 Bb7 19. Rb1 Bc6 20. Be3 Nf3+ 21. gxf3
Qxh3 22. Bb3+ Kh8 23. Bd5 Rf6 24. Bg5 Qg3+ 25. Kh1 Qxg5 26. Ne2 Qh4+ 27. Kg2
Rg6+ 28. Ng3 Bxd5 29. Rh1 Qg4 30. Qe2 f4 31. Kg1 Bxf3 0-1

[Event "Titled Tue 10th Jun Late"]
[Site "chess.com INT"]
[Date "2025.06.10"]
[Round "8"]
[White "Kodihalli, Kaustubh"]
[Black "Fichter, Fabian"]
[Result "1-0"]
[BlackTitle "FM"]
[WhiteElo "2038"]
[BlackElo "2235"]
[WhiteFideId "30956455"]
[BlackFideId "24613258"]
[EventDate "2025.06.10"]

1. e4 e5 2. Nf3 Nc6 3. Bc4 Bc5 4. O-O Nf6 5. d3 h6 6. a4 O-O 7. c3 d5 8. exd5
Nxd5 9. Re1 Re8 10. b4 Bf8 11. Qb3 Be6 12. Nxe5 Nxe5 13. Rxe5 Qf6 14. d4 Bd6 15.
Re1 Bh3 16. Bd2 Rxe1+ 17. Bxe1 Qg5 18. Bxd5 Re8 19. Nd2 c6 20. Bf3 Qf4 21. Nf1 1-0

[Event "Titled Tue 10th Jun Late"]
[Site "chess.com INT"]
[Date "2025.06.10"]
[Round "8"]
[White "Barria, Jose"]
[Black "Chueca Forcen, Alberto"]
[Result "1-0"]
[WhiteTitle "FM"]
[BlackTitle "IM"]
[WhiteElo "2371"]
[BlackElo "2292"]
[WhiteFideId "1939300"]
[BlackFideId "2269902"]
[EventDate "2025.06.10"]

1. d4 Nf6 2. c4 c5 3. d5 e5 4. Nc3 d6 5. e4 Be7 6. Be2 h6 7. Nf3 a6 8. h3 Nbd7
9. Be3 Nf8 10. Nh2 g5 11. Ng4 Ng6 12. g3 Nd7 13. Nh2 Rb8 14. a4 a5 15. Nf1 Nf6
16. Bd2 Qb6 17. Qc2 Bd7 18. Ne3 Rg8 19. Nf5 Bxf5 20. exf5 Nf8 21. Nb5 N8d7 22.
g4 h5 23. f3 h4 24. Bc3 Kf8 25. Qd2 Ra8 26. Kd1 Ne8 27. Kc2 Nc7 28. Bd3 f6 29.
Rae1 Nxb5 30. axb5 Kf7 31. Ra1 Ra7 32. Bxa5 1-0

[Event "Titled Tue 10th Jun Late"]
[Site "chess.com INT"]
[Date "2025.06.10"]
[Round "8"]
[White "Aranda, Juan Manuel"]
[Black "Khodzhamkuliev, Bahadur"]
[Result "1-0"]
[WhiteTitle "CM"]
[WhiteElo "2134"]
[BlackElo "2093"]
[WhiteFideId "160458"]
[BlackFideId "24135046"]
[EventDate "2025.06.10"]

1. Nf3 g6 2. g3 Bg7 3. Bg2 d6 4. O-O Nc6 5. d3 Nf6 6. Nbd2 O-O 7. e4 Bg4 8. h3
Bxf3 9. Bxf3 Nd4 10. Bg2 c5 11. c3 Nc6 12. f4 Nd7 13. a4 a6 14. f5 Qc7 15. g4 b5
16. g5 b4 17. Qc2 Rab8 18. Nc4 Nde5 19. f6 Bh8 20. Ne3 e6 21. Ng4 Nxg4 22. hxg4
Rfc8 23. c4 Nd4 24. Qf2 h6 25. e5 hxg5 26. Bxg5 dxe5 27. Be4 Qd8 28. Kg2 Rc7 29.
Rh1 Bg7 30. Qh4 Ne2 31. Qh7+ Kf8 32. fxg7+ 1-0

[Event "Titled Tue 10th Jun Late"]
[Site "chess.com INT"]
[Date "2025.06.10"]
[Round "8"]
[White "Brady, Tyson"]
[Black "Winkels, Marcel"]
[Result "1-0"]
[WhiteTitle "CM"]
[BlackTitle "CM"]
[WhiteElo "2170"]
[BlackElo "1905"]
[WhiteFideId "30970369"]
[BlackFideId "1003887"]
[EventDate "2025.06.10"]

1. c4 e5 2. g3 Nc6 3. Bg2 Bc5 4. Nc3 a5 5. e3 d6 6. Nge2 Be6 7. d4 exd4 8. exd4
Nxd4 9. Nxd4 Bxc4 10. Qa4+ b5 11. Ncxb5 Qe7+ 12. Be3 Bb4+ 13. Kd1 Kf8 14. Bxa8
d5 15. Nxc7 Qxc7 16. Qc6 Qd8 17. Bb7 Ne7 18. Qa4 Qd7 19. Qxd7 1-0

[Event "Titled Tue 10th Jun Late"]
[Site "chess.com INT"]
[Date "2025.06.10"]
[Round "8"]
[White "Moskalenko, Alexander"]
[Black "Grutter, Tim"]
[Result "1/2-1/2"]
[WhiteTitle "GM"]
[BlackTitle "IM"]
[WhiteElo "2422"]
[BlackElo "2404"]
[WhiteFideId "4155351"]
[BlackFideId "1057472"]
[EventDate "2025.06.10"]

1. Nf3 Nf6 2. g3 b6 3. Bg2 Bb7 4. O-O g6 5. c4 Bg7 6. b3 O-O 7. Bb2 c5 8. d4
cxd4 9. Qxd4 Nc6 10. Qf4 d6 11. Nc3 Nb4 12. Rfd1 a5 13. Rd2 Qc8 14. Rad1 Bc6 15.
Ne1 Bxg2 16. Nxg2 Qc6 17. Qf3 Qxf3 18. exf3 Nd7 19. Ne3 Ne5 20. Kg2 Nec6 21.
Ncd5 Nxd5 22. cxd5 Nb4 23. Bxg7 Kxg7 24. a3 Na6 25. Rc2 Nc5 26. b4 axb4 27. axb4
Na6 28. Rd4 Rfc8 29. Rc6 b5 30. Rb6 Rcb8 31. Rc6 Rc8 32. Rb6 Rcb8 33. Rc6 Rc8 1/2-1/2

[Event "Titled Tue 10th Jun Late"]
[Site "chess.com INT"]
[Date "2025.06.10"]
[Round "8"]
[White "Brancaleoni, Maurizio"]
[Black "Perez, Maximiliano"]
[Result "0-1"]
[WhiteTitle "FM"]
[BlackTitle "IM"]
[WhiteElo "2185"]
[BlackElo "2362"]
[WhiteFideId "803022"]
[BlackFideId "117234"]
[EventDate "2025.06.10"]

1. Nf3 e6 2. d4 Nf6 3. g3 b5 4. Bg2 Bb7 5. O-O Be7 6. c3 O-O 7. a4 a6 8. axb5
axb5 9. Rxa8 Bxa8 10. Na3 Bxa3 11. bxa3 d6 12. a4 bxa4 13. Qxa4 Nbd7 14. Bg5 h6
15. Bxf6 Nxf6 16. c4 Qb8 17. Ra1 Qb2 18. Qa2 Qc3 19. Rd1 Rb8 20. Ne1 Bxg2 21.
Kxg2 Rb2 22. Qa1 Ne4 23. Nd3 Rxe2 24. Nf4 Rxf2+ 25. Kg1 Qf3 26. Re1 Nxg3 27.
Qa8+ Qxa8 0-1

[Event "Titled Tue 10th Jun Late"]
[Site "chess.com INT"]
[Date "2025.06.10"]
[Round "8"]
[White "Ferreira, Vitor Hugo Vieira"]
[Black "Santos, Antonio P"]
[Result "1-0"]
[BlackTitle "FM"]
[WhiteElo "2128"]
[BlackElo "2165"]
[WhiteFideId "2119765"]
[BlackFideId "1900161"]
[EventDate "2025.06.10"]

1. e4 c5 2. Nf3 d6 3. d4 cxd4 4. Nxd4 Nf6 5. Nc3 a6 6. h3 e5 7. Nb3 Qc7 8. Bg5
Nbd7 9. Qf3 Be7 10. O-O-O O-O 11. Kb1 b5 12. g4 Bb7 13. Be3 b4 14. Nd5 Nxd5 15.
exd5 a5 16. Bd3 a4 17. Nd2 Nc5 18. Bxc5 Qxc5 19. Ne4 Qb6 20. g5 b3 21. cxb3 axb3
22. a3 Ra5 23. Nf6+ Bxf6 24. gxf6 g6 25. Bc4 Rc8 26. Bxb3 Rb5 27. Ka2 Rcc5 28.
Qe3 Rxb3 29. Qxb3 Bxd5 30. Rxd5 Qxb3+ 31. Kxb3 Rxd5 32. Rc1 h5 33. Rc8+ Kh7 34.
Rf8 g5 35. Rxf7+ Kg6 36. Rf8 Rd2 37. a4 Rxf2 38. a5 Rf1 39. Ka2 e4 40. a6 Rf5
41. b4 Rf2+ 42. Kb3 Rf1 43. a7 Ra1 44. a8=Q Rxa8 45. Rxa8 1-0

[Event "Titled Tue 10th Jun Late"]
[Site "chess.com INT"]
[Date "2025.06.10"]
[Round "8"]
[White "Tanriverdi, Enes"]
[Black "Marchand, Calix"]
[Result "1-0"]
[WhiteTitle "IM"]
[WhiteElo "2413"]
[BlackElo "2108"]
[WhiteFideId "34543279"]
[BlackFideId "2640856"]
[EventDate "2025.06.10"]

1. e4 d5 2. exd5 Qxd5 3. Nc3 Qa5 4. Nf3 Nf6 5. d4 c6 6. Bd2 Bf5 7. Bc4 Nbd7 8.
Qe2 e6 9. O-O Qc7 10. Nh4 Bxc2 11. Rac1 Bg6 12. Nb5 Qb8 13. Bxe6 fxe6 14. Qxe6+
Kd8 15. g3 cxb5 16. Bf4 Bf7 17. Qxf7 Bd6 18. Nf5 Rf8 19. Nxd6 Qxd6 20. Qxg7 Qxf4
21. gxf4 Rg8 22. Qg5 h6 23. Qxg8+ Nxg8 24. Kh1 Ngf6 25. Rg1 Ke7 26. Rc7 Rb8 27.
Rc3 Kd6 28. Rh3 h5 29. Rg6 Re8 30. Rxh5 Re1+ 31. Kg2 Re6 32. Re5 Nd5 33. Rgxe6+
Kc7 34. Rxd5 1-0

[Event "Titled Tue 10th Jun Late"]
[Site "chess.com INT"]
[Date "2025.06.10"]
[Round "8"]
[White "Saydaliev, Saidakbar"]
[Black "Mitrabha, Guha"]
[Result "0-1"]
[WhiteTitle "IM"]
[BlackTitle "GM"]
[WhiteElo "2450"]
[BlackElo "2515"]
[WhiteFideId "14203693"]
[BlackFideId "5057000"]
[EventDate "2025.06.10"]

1. Nf3 d5 2. g3 Nd7 3. d4 Nb6 4. Bg2 Bf5 5. Nh4 Bg4 6. h3 Bh5 7. g4 e6 8. Nf3
Bg6 9. Ne5 Bd6 10. Nxg6 hxg6 11. Qd3 Nf6 12. Nc3 c6 13. Bd2 Nc4 14. b3 Nxd2 15.
Qxd2 e5 16. a3 O-O 17. O-O Qe7 18. dxe5 Qxe5 19. f4 Qe7 20. b4 a5 21. b5 Bxa3
22. bxc6 bxc6 23. Kh1 Bb4 24. Qd3 Rfe8 25. Bf3 Ne4 26. Bxe4 dxe4 27. Qc4 Rad8
28. Rad1 e3 29. Kh2 Kh7 30. Na4 Rd2 31. c3 Bd6 32. Kg2 Qe4+ 33. Qxe4 Rxe4 34.
Rxd2 exd2 35. Nb2 Rxe2+ 36. Kf3 Re1 0-1

[Event "Titled Tue 10th Jun Late"]
[Site "chess.com INT"]
[Date "2025.06.10"]
[Round "8"]
[White "Dauer, Andre Leonardo"]
[Black "Mayaud, Raphael"]
[Result "0-1"]
[WhiteTitle "CM"]
[BlackTitle "CM"]
[WhiteElo "2138"]
[BlackElo "2126"]
[WhiteFideId "2126915"]
[BlackFideId "627151"]
[EventDate "2025.06.10"]

1. e4 c6 2. d4 d5 3. e5 Bf5 4. Nc3 e6 5. g4 Bg6 6. Nge2 h5 7. Nf4 Bh7 8. Nxh5 c5
9. Be3 cxd4 10. Bxd4 Nc6 11. Bb5 Ne7 12. Qe2 a6 13. Bxc6+ Nxc6 14. O-O-O Rc8 15.
Kb1 Qa5 16. f4 Nxd4 17. Rxd4 Bb4 18. Rxb4 Qxb4 19. Kc1 d4 20. Ne4 d3 21. Nhf6+
gxf6 22. Nxf6+ Kf8 23. Nxh7+ Rxh7 24. Qxd3 Qxf4+ 25. Kb1 Rxh2 26. Rf1 Rf2 27.
Rd1 Rcxc2 28. Qd8+ Kg7 0-1

[Event "Titled Tue 10th Jun Late"]
[Site "chess.com INT"]
[Date "2025.06.10"]
[Round "8"]
[White "Lira, Suan Bruno Fernandes"]
[Black "Banerjee, Supratit"]
[Result "0-1"]
[BlackTitle "FM"]
[WhiteElo "2163"]
[BlackElo "2311"]
[WhiteFideId "22794620"]
[BlackFideId "2410079"]
[EventDate "2025.06.10"]

1. e4 g6 2. d4 Bg7 3. Nf3 d6 4. Be2 Nf6 5. Nbd2 O-O 6. O-O Nc6 7. c3 e5 8. dxe5
dxe5 9. Qc2 Nh5 10. Rd1 Nf4 11. Bf1 Qe7 12. Nc4 Bg4 13. Ncd2 Qf6 14. Re1 Rad8
15. Re3 Bh6 16. Nc4 Be6 17. Re1 b5 18. Ne3 a6 19. a4 b4 20. Bxa6 b3 21. Qb1 Nh3+
22. Kf1 Nf4 23. Nd5 Bxd5 24. exd5 Rxd5 25. Qe4 Rfd8 26. Bc4 Rd1 27. Bxb3 Rxe1+
28. Nxe1 Na5 29. Bc2 Qa6+ 30. c4 Nxc4 31. Kg1 f5 32. Qf3 e4 33. Qc3 Ne2+ 0-1

[Event "Titled Tue 10th Jun Late"]
[Site "chess.com INT"]
[Date "2025.06.10"]
[Round "8"]
[White "Paravyan, David"]
[Black "Lesovoi, Evgenij"]
[Result "1-0"]
[WhiteTitle "GM"]
[BlackTitle "FM"]
[WhiteElo "2589"]
[BlackElo "2234"]
[WhiteFideId "4194985"]
[BlackFideId "24164135"]
[EventDate "2025.06.10"]

1. d4 Nf6 2. Nf3 e6 3. g3 b5 4. e3 a6 5. a4 b4 6. Bg2 Bb7 7. O-O c5 8. c4 bxc3
9. Nxc3 d5 10. Rb1 Nbd7 11. dxc5 Bxc5 12. b4 Be7 13. Nd4 O-O 14. b5 axb5 15.
Rxb5 Ba6 16. Nc6 Qe8 17. e4 Bxb5 18. Nxb5 Nc5 19. exd5 Nxd5 20. Bxd5 exd5 21.
Qxd5 Rc8 22. Nba7 Rc7 23. Ba3 Ne6 24. Nxe7+ Rxe7 25. Bxe7 Qxe7 26. Nc6 Qa3 27.
a5 Nc7 28. Qd7 Ne6 29. Qb7 h5 30. a6 Nc5 31. Qe7 Ra8 32. a7 h4 33. Qxh4 Qf3 34.
Ne7+ Kf8 35. Nf5 Ke8 36. Qe7# 1-0

[Event "Titled Tue 10th Jun Late"]
[Site "chess.com INT"]
[Date "2025.06.10"]
[Round "8"]
[White "Thorhallsson, Simon"]
[Black "Fernandez Siles, Luis"]
[Result "1-0"]
[WhiteTitle "FM"]
[BlackTitle "FM"]
[WhiteElo "2202"]
[BlackElo "2170"]
[WhiteFideId "2310090"]
[BlackFideId "2209420"]
[EventDate "2025.06.10"]

1. f4 d5 2. Nf3 g6 3. g3 Bg7 4. Bg2 c6 5. O-O Qb6+ 6. Kh1 Bxb2 7. Bxb2 Qxb2 8.
Nc3 Qb6 9. e4 dxe4 10. Nxe4 Bf5 11. Qe2 Bxe4 12. Qxe4 Nf6 13. Qe2 Qc7 14. Rae1
Na6 15. Ne5 O-O 16. Nxc6 bxc6 17. Qxa6 Rad8 18. d3 Rd6 19. f5 g5 20. Qa4 h5 21.
Qb4 Kg7 22. Qd2 Nh7 23. Qe2 Re8 24. Qxh5 Rh6 25. Qg4 Rh8 26. h3 Nf6 27. Qxg5+
Kf8 28. Qf4 Qd7 29. Qb8+ Kg7 30. Qe5 Kf8 31. Kg1 Rg8 32. g4 Nxg4 33. hxg4 Rxg4
34. Re4 Rg8 35. Qb8+ Kg7 36. Rg4+ 1-0

[Event "Titled Tue 10th Jun Late"]
[Site "chess.com INT"]
[Date "2025.06.10"]
[Round "8"]
[White "Shafer, Logan C"]
[Black "Harish, Neeraj"]
[Result "1-0"]
[WhiteTitle "CM"]
[BlackTitle "CM"]
[WhiteElo "2217"]
[BlackElo "2192"]
[WhiteFideId "30993342"]
[BlackFideId "30958130"]
[EventDate "2025.06.10"]

1. Nf3 d5 2. d4 Nf6 3. c4 c6 4. e3 e6 5. b3 Nbd7 6. Bb2 Bd6 7. Nbd2 O-O 8. Bd3
Re8 9. Ne5 c5 10. O-O b6 11. cxd5 exd5 12. f4 Bb7 13. Qf3 Qe7 14. Qh3 h6 15. g4
Ne4 16. Bxe4 dxe4 17. Ndc4 cxd4 18. Nxd6 Qxd6 19. Bxd4 Nxe5 20. Bxe5 Qe6 21. Bd4
Ba6 22. Rf2 Qd7 23. Qg3 Rac8 24. g5 h5 25. f5 Rc6 26. g6 fxg6 27. fxg6 Ree6 28.
Rf7 Qxd4 29. exd4 Rxg6 30. Re7 Rxg3+ 31. hxg3 Bd3 32. Kf2 Rf6+ 33. Ke3 Rf3+ 34.
Kd2 Rxg3 35. Rc1 h4 36. d5 Rg2+ 37. Ke3 h3 38. d6 Bb5 39. d7 Bxd7 40. Rxd7 h2
41. Rdd1 g5 42. Rc7 1-0

[Event "Titled Tue 10th Jun Late"]
[Site "chess.com INT"]
[Date "2025.06.10"]
[Round "8"]
[White "Stankovic, Boris"]
[Black "Dubnevych, Maksym"]
[Result "0-1"]
[WhiteTitle "FM"]
[BlackTitle "FM"]
[WhiteElo "2298"]
[BlackElo "2296"]
[WhiteFideId "985317"]
[BlackFideId "14184001"]
[EventDate "2025.06.10"]

1. e4 a6 2. d4 g6 3. h4 d6 4. h5 Bg7 5. h6 Bf6 6. Nc3 c6 7. f4 e5 8. Nf3 exd4 9.
Nxd4 Bh4+ 10. Kd2 Be7 11. Be2 b5 12. a3 Bb7 13. Nf3 Nd7 14. Ke1 Ngf6 15. Ng5 Nc5
16. Bf3 Ne6 17. Nxe6 fxe6 18. Be3 d5 19. Qe2 d4 20. Rd1 c5 21. e5 Nd5 22. Nxd5
Bxd5 23. Bf2 O-O 24. g3 Qa5+ 25. Kf1 Rad8 26. Kg2 Qc7 27. Bxd5 Rxd5 28. Qg4 Qc6
29. Kh2 Rxe5 30. Rhe1 Ref5 31. Re2 Rh5+ 32. Qxh5 gxh5 33. Rde1 Kf7 0-1

[Event "Titled Tue 10th Jun Late"]
[Site "chess.com INT"]
[Date "2025.06.10"]
[Round "8"]
[White "Xia, Joshua"]
[Black "Graif, William"]
[Result "1-0"]
[BlackTitle "FM"]
[WhiteElo "2035"]
[BlackElo "2211"]
[WhiteFideId "30987830"]
[BlackFideId "2609835"]
[EventDate "2025.06.10"]

1. e4 e5 2. Nf3 Bc5 3. Bc4 Nf6 4. O-O Nxe4 5. d4 d5 6. Bb3 exd4 7. Nxd4 O-O 8.
Be3 Bb6 9. c3 Nc6 10. Nxc6 bxc6 11. Bd4 Qh4 12. Nd2 Re8 13. Nxe4 Qxe4 14. Qd2
Ba6 15. Rfe1 Qd3 16. Qf4 h6 17. Rad1 Re2 18. Bxb6 cxb6 19. h3 Rae8 20. Rxd3
Rxe1+ 21. Kh2 Bxd3 22. Qc7 R8e2 23. Qxc6 Rxf2 24. Bxd5 1-0

[Event "Titled Tue 10th Jun Late"]
[Site "chess.com INT"]
[Date "2025.06.10"]
[Round "8"]
[White "Gasparyan, Erik R."]
[Black "George, Kevin"]
[Result "0-1"]
[WhiteTitle "IM"]
[BlackTitle "IM"]
[WhiteElo "2372"]
[BlackElo "2327"]
[WhiteFideId "13315730"]
[BlackFideId "10669515"]
[EventDate "2025.06.10"]

1. Nf3 d5 2. g3 g6 3. Bg2 Bg7 4. d4 c6 5. O-O Nf6 6. c4 dxc4 7. Qc2 b5 8. e4 O-O
9. Nc3 Bg4 10. Be3 Nbd7 11. Rfd1 Qc7 12. h3 Bxf3 13. Bxf3 e5 14. d5 a6 15. a4
Qb7 16. dxc6 Qxc6 17. Nd5 Nxd5 18. exd5 Qd6 19. Bg2 f5 20. axb5 f4 21. Bd2 fxg3
22. Qxc4 gxf2+ 23. Kf1 e4 24. Ke2 Qg3 25. d6+ Kh8 26. Bxe4 Rae8 27. Qd3 Qg2 28.
Ra4 f1=Q+ 0-1

[Event "Titled Tue 10th Jun Late"]
[Site "chess.com INT"]
[Date "2025.06.10"]
[Round "8"]
[White "Sarkar, Justin"]
[Black "Slate, Kent"]
[Result "0-1"]
[WhiteTitle "IM"]
[WhiteElo "2284"]
[BlackElo "2082"]
[WhiteFideId "2010011"]
[BlackFideId "30961564"]
[EventDate "2025.06.10"]

1. d4 Nf6 2. c4 b6 3. g3 Bb7 4. Nf3 e6 5. Bg2 d5 6. O-O dxc4 7. Qa4+ Nbd7 8. Ne5
Bxg2 9. Kxg2 c5 10. Rd1 Qc7 11. Nxd7 Qxd7 12. Qxc4 Rd8 13. Nc3 cxd4 14. Nb5 Rc8
15. Qd3 e5 16. f4 Qd5+ 17. Kg1 e4 18. Qb3 Qh5 19. Rxd4 Bc5 20. Nd6+ Bxd6 21.
Rxd6 Qc5+ 0-1

[Event "Titled Tue 10th Jun Late"]
[Site "chess.com INT"]
[Date "2025.06.10"]
[Round "8"]
[White "Papasimakopoulos, Alexandros"]
[Black "Zou, Chen"]
[Result "0-1"]
[WhiteTitle "IM"]
[BlackTitle "IM"]
[WhiteElo "2366"]
[BlackElo "2443"]
[WhiteFideId "4244125"]
[BlackFideId "8610959"]
[EventDate "2025.06.10"]

1. d4 Nf6 2. c4 e6 3. Nc3 Bb4 4. Qc2 d5 5. cxd5 exd5 6. Bg5 h6 7. Bh4 Nc6 8. e3
g5 9. Bg3 Ne4 10. Bd3 Qe7 11. Ne2 h5 12. h4 Nxg3 13. Nxg3 Nxd4 14. Qa4+ Nc6 15.
O-O-O Bxc3 16. bxc3 gxh4 17. Rxh4 Be6 18. Bb5 Qc5 19. Qb4 Qxb4 20. cxb4 a5 21.
bxa5 Rxa5 22. a4 Ke7 23. Kd2 Na7 24. Rb1 Nxb5 25. axb5 Ra2+ 26. Ke1 Bg4 27. Kf1
Rha8 28. Nxh5 Be2+ 29. Kg1 Ra1 30. Rxa1 Rxa1+ 31. Kh2 Bxb5 32. Nf4 Bc4 33. Rh5
c6 34. e4 d4 35. Re5+ Kf8 36. Rc5 d3 0-1